| 000 | 00935nam a22003017a 4500 | ||
|---|---|---|---|
| 001 | 0039479 | ||
| 003 | KOHA_MİRAKIL | ||
| 005 | 20260207003131.0 | ||
| 007 | ta | ||
| 008 | 160815b1997 tu |||gr||||#||||0|tur | | ||
| 020 | _a9757455865 | ||
| 040 |
_aTR-BiSEU _btur _cTR-BiSEU _erda |
||
| 041 | 0 | _atur | |
| 044 | _ctu | ||
| 050 |
_aBP137 _b.K39 1999 |
||
| 100 | 1 | _aKazancı, Ahmet Lütfi. | |
| 245 | 1 |
_aPeygamberler tarihi 1: Hz. Adem'den Hz. Muhammed'e Kur'an'ın tanıttığı peygamberler/ _cAhmet Lütfi Kazancı ; Ahmet Lütfi Kazancı. |
|
| 264 | 1 |
_aİstanbul : _bFeza gazetecilik _c1997 |
|
| 300 | _a286 sayfa; 19 cm. | ||
| 336 |
_ametin _btxt _2rdacontent |
||
| 337 |
_aaracısız _bn _2rdamedia |
||
| 338 |
_acilt _bnc _2rdacarrier |
||
| 490 | 0 | _apeygamberler tarihi 1 | |
| 650 | 0 |
_aDinler tarihi. _973375 |
|
| 650 | 0 |
_aPeygamberler Tarihi. _973376 |
|
| 830 | 0 |
_apeygamberler tarihi 1 _973377 |
|
| 942 |
_2lcc _cBK |
||
| 999 |
_c39358 _d39358 |
||